UBT Library

Accounting the Basis for Business Decisions (Record no. 55924)

000 -LEADER
fixed length control field 00335nam a22001457a 4500
008 - FIXED-LENGTH DATA ELEMENTS--GENERAL INFORMATION
fixed length control field 210308b ||||| |||| 00| 0 eng d
020 ## - INTERNATIONAL STANDARD BOOK NUMBER
International Standard Book Number 007041551X
041 ## - LANGUAGE CODE
Language code of text/sound track or separate title eng
080 ## - UNIVERSAL DECIMAL CLASSIFICATION NUMBER
Edition identifier 5th
Universal Decimal Classification number 33
082 ## - DEWEY DECIMAL CLASSIFICATION NUMBER
Classification number 33
100 ## - Rafti
Rafti 59
101 ## - Shkurtesa
Shkurtesa BIZ
245 ## - TITLE STATEMENT
Title Accounting the Basis for Business Decisions
Statement of responsibility, etc Meigs, W. B
942 ## - ADDED ENTRY ELEMENTS (KOHA)
Source of classification or shelving scheme
Item type Books
Holdings
Withdrawn status Lost status Source of classification or shelving scheme Damaged status Not for loan Collection code Permanent location Current location Shelving location Date acquired Total Checkouts Full call number Barcode Date last seen Price effective from Koha item type
          Koleksioni i përgjithshem UBT - Lipjan UBT - Lipjan Koleksioni i përgjithshem 03/08/2021   33 MEI 002-7001063 03/08/2021 03/08/2021 Books
UBT Library © 2015-2024. All rights reserved University Education for Business and Technology